Ekonomická sila regiónov v SR sa znižuje menej peňazí na redistribúciu do ekonomicky slabších regiónov
Nerovnomerný ekonomický rozvoj slovenských regiónov. Snahy o vyrovnávanie regionálnych disparít v rokoch 1997-1999. Typologické rozdelenie ekonomicky silných a slabých okresov SR. Úbytok regiónov, ktoré dotujú ostatné okresy a nárast počtu slabších okresov prijímajúcich dotácie.
Salvato in:
| Autore principale: | |
|---|---|
| Natura: | Capitolo di libro |
| Lingua: | slovacco |
| Soggetti: | |
| Tags: |
Nessun Tag, puoi essere il primo ad aggiungerne!!
|
MARC
| LEADER | 00000naa a2200000 4500 | ||
|---|---|---|---|
| 001 | r039265 | ||
| 005 | 20230824105644.4 | ||
| 041 | 0 | |a slo | |
| 044 | |a SK | ||
| 245 | 1 | 0 | |a Ekonomická sila regiónov v SR sa znižuje |b menej peňazí na redistribúciu do ekonomicky slabších regiónov |c Stanislav Buchta |
| 520 | |a Nerovnomerný ekonomický rozvoj slovenských regiónov. Snahy o vyrovnávanie regionálnych disparít v rokoch 1997-1999. Typologické rozdelenie ekonomicky silných a slabých okresov SR. Úbytok regiónov, ktoré dotujú ostatné okresy a nárast počtu slabších okresov prijímajúcich dotácie. | ||
| 610 | 2 | 0 | |a ekonomika regionálna |
| 610 | 2 | 0 | |a rozvoj regionálny |
| 610 | 2 | 0 | |a politika regionálna |
| 610 | 2 | 0 | |a regióny |
| 610 | 2 | 0 | |a okresy |
| 610 | 2 | 0 | |a dotácie |
| 610 | 2 | 0 | |a Slovensko |
| 610 | 2 | 0 | |a redistribúcia zdrojov finančných |
| 100 | 1 | |a Buchta, Stanislav | |